World airports initials - Statistics

General Stats
  • This quiz has been taken 4 times
  • The average score is 2 of 15
Answer Stats
Hint Answer % Correct
A Atl
50%
J Jfk
50%
H Hnd
25%
L Lax
25%
L Lga
25%
A Ams
0%
B Bkk
0%
D Den
0%
D Dfw
0%
I Icn
0%
L Las
0%
M Mia
0%
O Ord
0%
P Phx
0%
S Sea
0%
No matching quizzes found
Score Distribution
Percent of People with Each Score
Percentile by Number Answered
Your Score History
You have not taken this quiz